Microsoft Office 97 : Kompletní průvodce /

Gespeichert in:
Bibliographische Detailangaben
Format: Buch
Sprache:Tschechisch
Veröffentlicht: Praha : Grada, 1998
Ausgabe:1.vyd.-dotlač
Tags: Tag hinzufügen
Keine Tags, Fügen Sie das erste Tag hinzu!

MARC

LEADER 00000nam a22000003a 4500
001 stu51162
005 20150408180038.1
008 991201s1998----cr------------------cze-d
020 |a 80-7169-546-7 
040 |a STU  |b slo 
041 0 |a cze 
044 |a cr 
080 |a 519.68 
080 |a 681.3.06 
245 |a Microsoft Office 97 :  |b Kompletní průvodce /  |c Podrobný průvodce začínajícího uživatele 
250 |a 1.vyd.-dotlač 
260 |a Praha :  |b Grada,  |c 1998 
300 |a 381 s.,obr 
996 |c V*46438/O-20407  |l VV9  |s P  |a 0  |w stu51162_0001